Statistics for Biggest Cities of Ottoman Europe in 1683 with a Map

Click here to take the quiz!

General Stats

  • This quiz has been taken 242 times
  • The average score is 25 of 68

Answers on the Map

Answers color-coded by a green-red scale on the quiz's map according to % correct below.
 

Answer Stats

PopulationCity% Correct
750kConstantinople
(Istanbul)
99%
13kAthens
98%
6kBelgrad-i Arnavud
(Berat)
94%
50kBucharest
93%
40kSelanik
(Thessaloniki)
92%
30kSofya
(Sofia)
91%
20kSaraybosna
(Sarajevo)
90%
13kBudin
(Buda, Budapest)
87%
45kÜsküb
(Skopje)
82%
100kAdrianople
(Edirne)
79%
11kVarna
76%
13kKandiye
(Heraklion)
74%
5kRagusa
(Dubrovnik)
71%
40kDar al-Jihad
(Belgrade)
69%
27kFilibe
(Plovdiv)
65%
9kKolozsvár
(Cluj-Napoca)
62%
8kNiş
(Niš)
51%
7kBallıbadira
(Patras)
48%
20kIași
46%
10kKöprü Hisar
(Mostar)
43%
5kDebre-i Bâlâ
(Debar)
42%
10kTemeşvar
(Timișoara)
40%
11kYenişehir
(Larissa)
40%
8kBanaluka
(Banja Luka)
38%
20kDebrecen
36%
18kGelibolu
36%
5kOhri
(Ohrid)
36%
23kKefe
(Feodosia)
35%
23kİşkodra
(Shkodër)
34%
12kBrassó
(Brasov)
33%
16kYanya
(Ioannina)
31%
5kİpek
(Peja)
29%
26kRusçuk
(Ruse)
29%
10kManastır
(Bitola)
27%
22kPrizren
26%
14kVidin
26%
6kTırnova
(Veliko Tarnovo)
25%
11kEski Zağra
(Stara Zagora)
24%
20kTârgoviște
24%
10kHermannstadt
(Sibiu)
23%
7kSakız
(Chios)
23%
8kErgiri
(Gjirokastër)
20%
30kİzmail
(Izmail)
20%
15kİslimiye
(Sliven)
19%
27kSerez
(Serres)
19%
15kYeni Pazar
(Novi Pazar)
19%
8kİbrail
(Brăila)
18%
6kSuceava
18%
24kSilistre
(Silistra)
17%
7kAnabolı
(Nafplio)
16%
7kÖsek
(Osijek)
16%
5kRazgrad
16%
12kŞumnu
(Shumen)
16%
5kBender
15%
5kSemendire
(Smederevo)
15%
6kAkkerman
(Bilhorod-Dnistrovskyi)
14%
5kKöstendil
(Kyustendil)
12%
6kLofça
(Lovech)
12%
6kPançova
(Pančevo)
11%
24kBağçasaray
(Bakhchysarai)
10%
5kKeçkemet
(Kecskemét)
9%
8kYakova
(Gjakova)
9%
5kKamaniçe
(Kamianets-Podilskyi)
8%
7kÖziçe
(Užice)
8%
5kVirşaç
(Vršac)
8%
13kİskopol
(Moscopole)
5%
5kKremnica
5%
7kSelmecbánya
(Banská Štiavnica)
5%

Score Distribution

Percentile by Number Answered

Percent of People with Each Score

Your Score History

You have not taken this quiz